When Money Was In Fashion (Record no. 325164)

MARC details
000 -LEADER
fixed length control field 00588nam a2200181Ia 4500
008 - FIXED-LENGTH DATA ELEMENTS--GENERAL INFORMATION
fixed length control field 230718s9999 xx 000 0 und d
020 ## - INTERNATIONAL STANDARD BOOK NUMBER
International Standard Book Number 9780230617506
041 ## - LANGUAGE CODE
Language code of text/sound track or separate title eng
082 ## - DEWEY DECIMAL CLASSIFICATION NUMBER
Classification number 813.54
Item number FIS
100 ## - MAIN ENTRY--PERSONAL NAME
Personal name Fisher J.B.
9 (RLIN) 173798
245 ## - TITLE STATEMENT
Title When Money Was In Fashion
Remainder of title Henry Goldman, Goldman Sachs, And The Founding Of Wall Street
250 ## - EDITION STATEMENT
Edition statement Hardcover; 2010-04-27
260 ## - PUBLICATION, DISTRIBUTION, ETC. (IMPRINT)
Date of publication, distribution, etc. 2010
Name of publisher, distributor, etc. Palgrave Macmillan
300 ## - PHYSICAL DESCRIPTION
Extent 278
Dimensions 6.4x9.2x1.1; 0.8 lb; 288 pages
365 ## - TRADE PRICE
Currency code Rs.
Price amount 995.00
700 ## - ADDED ENTRY--PERSONAL NAME
Personal name Fisher J.B.
9 (RLIN) 173798
906 ## - LOCAL DATA ELEMENT F, LDF (RLIN)
d O:0092015-Jul-2010B:437208-Jul-2010
c GENRL
b 199
Holdings
Withdrawn status Lost status Damaged status Not for loan Home library Current library Date acquired Vendor Budget Code Cost, normal purchase price Bill number Total Checkouts Full call number Barcode Date last seen Discount Cost, replacement price Bill Date Koha item type Original Barcode
        Cummins College of Engineering for Women Pune Cummins College of Engineering for Women Pune 15/07/2010 Tbs GENRL 796.00 4372   813.54 CCEP-BK-36371 18/07/2023 199 995.00 08/07/2010 Books 036371